AH International Schools' Libraries

The lion and the mouse / (Record no. 49258)

MARC details
000 -LEADER
fixed length control field 00282nam a2200097 4500
100 ## - MAIN ENTRY--PERSONAL NAME
Personal name Mackkinnon, Mairi
9 (RLIN) 86519
245 ## - TITLE STATEMENT
Title The lion and the mouse /
Statement of responsibility, etc Mairi Mackinnon & Frank Endersby
260 ## - PUBLICATION, DISTRIBUTION, ETC. (IMPRINT)
Place of publication, distribution, etc London
Name of publisher, distributor, etc Usborne House
Date of publication, distribution, etc 2009
300 ## - PHYSICAL DESCRIPTION
Extent 32 p.
Other physical details col. ill.
Dimensions 20 cm.
942 ## - ADDED ENTRY ELEMENTS (KOHA)
Source of classification or shelving scheme
Koha item type Book
Holdings
Withdrawn status Lost status Source of classification or shelving scheme Damaged status Not for loan Collection code Home library Current library Shelving location Date acquired Total Checkouts Full call number Barcode Date last seen Price effective from Koha item type Public note
          TEACHERS' RESOURCES Asian Hope Early Years Library Asian Hope Early Years Library Easy Reading 08/13/2025   E MAC 209293 08/13/2025 08/13/2025 Book YEAR 1 BOOK

For any Logos Library related questions please contact Miss Art at swongnarasuk@asianhope.org.

For any Asian Hope Library related questions please contact Miss Raza at graza@asianhope.org.

Click here to explore our ebooks!

Powered by Koha